[Event "Commonwealth-ch"]
[Site "Mumbai"]
[Date "2004.01.12"]
[Round "3"]
[White "Deshmukh, Anup"]
[Black "Yash, Agrawal"]
[Result "1-0"]
[WhiteElo "2340"]
[BlackElo "2091"]
[PlyCount "72"]
[EventDate "2004.01.10"]
[EventType "swiss"]
[EventRounds "9"]
[EventCountry "IND"]
[SourceTitle "EXT 2006"]
[Source "ChessBase"]
[SourceDate "2005.11.24"]
[SourceVersion "1"]
[SourceVersionDate "2005.11.24"]
[SourceQuality "1"]

1. c4 c5 2. Nf3 Nf6 3. g3 g6 4. Bg2 Bg7 5. 0-0 0-0 6. Nc3 Nc6 7. d4 cxd4 8. Nxd4 Qb6 9. Nc2 d6 10. b3 Be6 11. Bb2 Bxc4 12. Na4 Qa6 13. Re1 Be6 14. e4 Rfd8 15. Rc1 Rac8 16. h3 Qa5 17. Bc3 Qc7 18. Ne3 Qd7 19. Kh2 b5 20. Nb2 b4 21. Bxf6 Bxf6 22. Nd3 Bc3 23. Rf1 a5 24. f4 f6 25. h4 Qa7 26. Nd5 Bxd5 27. exd5 Nd4 28. f5 Nxf5 29. Rxf5 gxf5 30. Bh3 Kh8 31. Bxf5 Rc7 32. Qh5 e6 33. dxe6 Rg7 34. Qf3 Rdg8 35. g4 Qd4 36. Kh3 Qa7 1-0